02815nam a2200397uu 4500001000800000005001700008007001000025008004100035035001200076040001300088041000800101080000900109082000800118100005500126245006300181260004300244300001300287520122400300650004501524650003501569650005201604650005401656650002901710650004201739650006301781650007101844650002501915650004701940700005301987942001002040999001902050502001202069526000802081952016202089952016602251131844920260508075538.0co|||||||130306s2013 spa  a1318449 ccomduadb aspa aV/CD 4a30310aRamirez Galvis, Adriana Patricia4auteaut965897713aUn acercamiento a la construcción de memoria en Colombia aMedellín :b[sin publicador],c2013. a1 CD-ROM3 aEn el presente trabajo se une la elaboración del informe de experiencia realizada durante la práctica académica con la intención de realizar un acercamiento acerca de algunos conceptos importantes y de relevancia para el tema de la memoria en Colombia. Con el fin de relacionar el trabajo realizado en la práctica académica con el quehacer sociológico, quise abordar el tema de la memoria en Colombia, dilucidar su importancia para la reconstrucción social, pero teniendo en cuenta los obstáculos y dificultades a las que se enfrentan las victimas tanto desde los planteamientos conceptuales y jurídicos, hasta el imaginario social frente al tema de la violencia y la reparación. Esto enmarcado en un contexto donde se habla de justicia transicional, pero en el cual realmente no hay transición y por el contrario las víctimas son re victimizadas y sus derechos cada vez son más violados, en medio de un conflicto que aún no termina y en el cual se han creado leyes enmarcadas dentro de la justicia transicional, pero las cuales no ofrecen condiciones y garantías para la reconstrucción de memoria por, el contrario las políticas estatales colombianas han perpetuado la impunidad. 7aMemoriaxAspectos sociales2lemb9190868 aMemoria y reparación9190479 aDerechos humanos - Antioquia (Colombia)9159166 4aVíctimas del conflicto armadozColombia9154224 aRacionalización931364 7aJusticia transicional2armarc9153839 7aVerdad, justicia y reparaciónzColombia2comduadb990336 aVerdad, justicia y reparación - Legislación - Colombia9198318 aTejido social999862 aInformes de practica de sociologia914974310aZapata Ávila, Juan Guillermo4thseths9500218 cTESIS c642683d642683 b106c12 a107 001040708DIGITALaCISHbCISHd2013-03-06eMaterial adquirido por donacióniC1168947l0oV/CD-09348p0626583r2023-05-02 00:00:00t1w2023-05-02yDIGITAL 001040708TESDIGBCaBCbBCd2013-07-30eMaterial adquirido por donacióniC1182917l0o303.6 R177 CD-ROMp0973285r2023-05-02 00:00:00t1w2023-05-02yDIGITAL